Origins of personnel services in American higher education

Bibliographic Details
Main Author: Leonard, Eugenie Andruss, 1888-1980.
Corporate Author: ProQuest (Firm)
Format: Electronic eBook
Language:English
Published: Minneapolis : University of Minnesota Press, [1956]
Series:Minnesota library on student personnel work.
Subjects:
Online Access:Click to View
LEADER 01415nam a2200373 a 4500
001 EBC345516
003 MiAaPQ
005 20200520144314.0
006 m o d |
007 cr cn|||||||||
008 761122s1956 mnu sb 001 0 eng d
010 |z  56007812  
015 |a GB56-7416 
020 |z 9780816690404 
020 |z 9780816663446 
035 |a (MiAaPQ)EBC345516 
035 |a (Au-PeEL)EBL345516 
035 |a (CaPaEBR)ebr10231121 
035 |a (OCoLC)476162271 
040 |a MiAaPQ  |c MiAaPQ  |d MiAaPQ 
050 4 |a LB2343  |b .L42 1956 
082 0 4 |a 371.422 
100 1 |a Leonard, Eugenie Andruss,  |d 1888-1980. 
245 1 0 |a Origins of personnel services in American higher education  |h [electronic resource] /  |c Eugenie Andruss Leonard. 
260 |a Minneapolis :  |b University of Minnesota Press,  |c [1956] 
300 |a 146 p. 
490 1 |a Minnesota library on student personnel work 
504 |a Includes bibliographical references (p. 133-142) and index. 
533 |a Electronic reproduction. Ann Arbor, MI : ProQuest, 2015. Available via World Wide Web. Access may be limited to ProQuest affiliated libraries. 
650 0 |a Counseling in adult education  |x History. 
655 4 |a Electronic books. 
710 2 |a ProQuest (Firm) 
830 0 |a Minnesota library on student personnel work. 
856 4 0 |u https://ebookcentral.proquest.com/lib/matrademy/detail.action?docID=345516  |z Click to View